| 000 -LEADER |
| fixed length control field |
00825nam a2200217Ia 4500 |
| 001 - CONTROL NUMBER |
| control field |
2101 |
| 003 - CONTROL NUMBER IDENTIFIER |
| control field |
GE_BSU |
| 005 - DATE AND TIME OF LATEST TRANSACTION |
| control field |
20221021115843.0 |
| 008 - FIXED-LENGTH DATA ELEMENTS--GENERAL INFORMATION |
| fixed length control field |
181216s1986ru xx |||||||||||||| ||rus|| |
| 040 ## - CATALOGING SOURCE |
| Transcribing agency |
GE_BSU |
| 041 ## - LANGUAGE CODE |
| Language code of text/sound track or separate title |
rus |
| 080 ## - UNIVERSAL DECIMAL CLASSIFICATION NUMBER |
| Universal Decimal Classification number |
911.2(079.9) Ф-505 |
| 245 ## - TITLE STATEMENT |
| Title |
Физическая география Закавказья / |
| Statement of responsibility, etc. |
Сост. Н.Л. Беручашвили, Ред.Г.К. Габриелян. |
| 264 ## - PRODUCTION, PUBLICATION, DISTRIBUTION, MANUFACTURE, AND COPYRIGHT NOTICE |
| Place of production, publication, distribution, manufacture |
Ереван : |
| Name of producer, publisher, distributor, manufacturer |
Ереванский ун-т, |
| Date of production, publication, distribution, manufacture, or copyright notice |
1986. |
| 300 ## - PHYSICAL DESCRIPTION |
| Extent |
312 стр. : |
| Other physical details |
20 см. |
| 653 ## - INDEX TERM--UNCONTROLLED |
| keyword |
Физическая география Закавказья |
| 653 ## - INDEX TERM--UNCONTROLLED |
| keyword |
გეოგრაფია |
| 700 ## - ADDED ENTRY--PERSONAL NAME |
| Personal name |
Беручашвили, Н.Л. |
| Relator term |
შემდგენელი |
| 9 (RLIN) |
15424 |
| 700 ## - ADDED ENTRY--PERSONAL NAME |
| Personal name |
Габриелян,Г.К. |
| Relator term |
რედაქტორი |
| 9 (RLIN) |
15425 |
| 942 ## - ADDED ENTRY ELEMENTS (KOHA) |
| Koha item type |
წიგნი |
| Source of classification or shelving scheme |
|